000 00400nam a2200181Ia 4500
100 _aRosenau/Milton D
650 _aProject Management
250 _a4
942 _cBK
366 _f20
654 _aproject management
245 _aSuccessful Project Management
260 _bWiley India
_aNew Delhi
_c2005
082 _a004.24/ROS
_bROS
300 _a360
546 _aENGLISH
999 _c29018
_d29018